[Event "ISR-ch qual GpA"]
[Site "Kiryat Ono"]
[Date "2015.12.11"]
[Round "9"]
[White "Kremer, Ilay"]
[Black "Kravchenko, Yana"]
[Result "1/2-1/2"]
[WhiteElo "1622"]
[BlackElo "1994"]
[PlyCount "95"]
[EventDate "2015.10.16"]
[EventType "tourn"]
[EventRounds "10"]
[EventCountry "ISR"]
[SourceTitle "CBM 170 Extra"]
[Source "ChessBase"]
[SourceDate "2016.02.25"]
[SourceVersion "1"]
[SourceVersionDate "2016.02.25"]
[SourceQuality "1"]

1. e4 c5 2. Nf3 e6 3. d4 cxd4 4. Nxd4 Nf6 5. Nc3 d6 6. Be2 Be7 7. 0-0 a6 8. Be3 0-0 9. f4 Qc7 10. Bf3 Bd7 11. Qe1 Nc6 12. Rd1 Rac8 13. Qg3 b5 14. a3 Rfd8 15. Qf2 Qb8 16. g4 b4 17. axb4 Qxb4 18. Nb3 Rb8 19. h3 a5 20. Ra1 Ra8 21. Ra4 Qb8 22. Rfa1 Rc8 23. Qd2 Bf8 24. Rd1 Ne8 25. Rda1 Nb4 26. R4a3 a4 27. Bd1 d5 28. Nxa4 Nd6 29. Nac5 Bc6 30. Rxa8 Bxa8 31. Rxa8 Qxa8 32. Qxb4 Nc4 33. Bd4 Rb8 34. Qa4 Qxa4 35. Nxa4 dxe4 36. Nac5 Ra8 37. Nxe4 Ra2 38. Be2 Nxb2 39. Bxb2 Rxb2 40. Bd3 Be7 41. Kg2 Rb1 42. Nec5 Bd8 43. f5 exf5 44. Bxf5 Kf8 45. Bd3 h6 46. Ne4 Ke7 47. Nbd2 Rb4 48. Kh2 1/2-1/2

[Event "ISR-ch qual GpA"]
[Site "Kiryat Ono"]
[Date "2015.11.27"]
[Round "7"]
[White "Kremer, Ilay"]
[Black "Ben Ari, Yannay"]
[Result "0-1"]
[WhiteElo "1622"]
[BlackElo "1832"]
[PlyCount "74"]
[EventDate "2015.10.16"]
[EventType "tourn"]
[EventRounds "10"]
[EventCountry "ISR"]
[SourceTitle "CBM 170 Extra"]
[Source "ChessBase"]
[SourceDate "2016.02.25"]
[SourceVersion "1"]
[SourceVersionDate "2016.02.25"]
[SourceQuality "1"]

1. Nf3 Nf6 2. g3 b6 3. Bg2 Bb7 4. c4 e5 5. d3 d6 6. Nc3 Nbd7 7. Bd2 g6 8. Qc2 Bg7 9. Nh4 Bxg2 10. Nxg2 0-0 11. 0-0-0 Ng4 12. Rdf1 f5 13. h4 Ngf6 14. Ne3 c6 15. f3 Rc8 16. Ng2 d5 17. Kb1 d4 18. Nd1 Nc5 19. Nf2 Qd7 20. Bg5 Nh5 21. Rh3 f4 22. g4 Ng3 23. Rxg3 fxg3 24. Nh1 Qxg4 25. fxg4 Rxf1+ 26. Bc1 Rxh1 27. b4 Nb7 28. Kb2 Rg1 29. e3 Rf8 30. Nf4 exf4 31. exf4 Rh1 32. Kb1 Rxf4 33. Qg2 Rff1 34. Qxg3 Rxc1+ 35. Kb2 Rb1+ 36. Ka3 Rhc1 37. Qb8+ Bf8 0-1

[Event "ISR-ch qual GpA"]
[Site "Kiryat Ono"]
[Date "2015.10.30"]
[Round "3"]
[White "Kremer, Ilay"]
[Black "Tratatovici, Dan"]
[Result "0-1"]
[WhiteElo "1622"]
[BlackElo "2206"]
[PlyCount "144"]
[EventDate "2015.10.16"]
[EventType "tourn"]
[EventRounds "10"]
[EventCountry "ISR"]
[SourceTitle "CBM 170 Extra"]
[Source "ChessBase"]
[SourceDate "2016.02.25"]
[SourceVersion "1"]
[SourceVersionDate "2016.02.25"]
[SourceQuality "1"]

1. Nf3 Nf6 2. g3 g6 3. Bg2 Bg7 4. 0-0 0-0 5. c4 d6 6. d3 e5 7. Nbd2 Re8 8. Rb1 a5 9. a3 a4 10. b4 axb3 11. Qxb3 Nc6 12. Bb2 Ra6 13. e3 Bf5 14. Nh4 Be6 15. d4 exd4 16. exd4 d5 17. c5 g5 18. Nhf3 Ne4 19. Rbd1 g4 20. Ne5 Nxe5 21. dxe5 Nxc5 22. Qe3 Qe7 23. f4 gxf3 24. Nxf3 Na4 25. Ba1 Nb6 26. Nd4 Rxa3 27. Qf4 Nc4 28. Rde1 Rxa1 29. Rxa1 Bxe5 30. Qf2 c5 31. Nxe6 fxe6 32. Rad1 Bd4 33. Rxd4 cxd4 34. Qxd4 Qg7 35. Rf6 Rf8 36. Rxf8+ Kxf8 37. Qf4+ Qf7 38. Qh6+ Ke8 39. Bh3 Kd7 40. Qg5 Kc6 41. Qd8 Nd6 42. Qa5 Qf6 43. Qa4+ Kb6 44. Qb4+ Nb5 45. Qb1 Qe7 46. Bf1 Qc5+ 47. Kg2 h5 48. Qg6 Nd4 49. Bd3 Qc3 50. Kh3 Ka7 51. Bb1 Qf3 52. Qd3 Qg4+ 53. Kg2 Kb6 54. h3 Qg7 55. Qe3 Qf6 56. Qc3 e5 57. Qb4+ Kc6 58. Qa4+ Kd6 59. Qa3+ Kc6 60. Qa4+ Kd6 61. Qb4+ Ke6 62. Qb6+ Nc6 63. Qxb7 Kd6 64. Qb3 e4 65. Qa3+ Kc7 66. Ba2 Qd4 67. Qc1 e3 68. Bb1 Kb7 69. Kf3 Qf6+ 70. Ke2 Qf2+ 71. Kd3 Nb4+ 72. Kc3 e2 0-1